000
00293 a2200109 4500
020
_a
9780133807738
100
_a
Robert J. Art, Robert Jervis
245
_a
International Politics: Enduring Concepts and Contemporary Issues
250
_a
12th Edition
260
_b
Pearson
_c
2015
942
_c
BK
999
_c
572909
_d
572909